Strategic Finance (Record no. 93609)

MARC details
000 -LEADER
fixed length control field 00469nam a2200181Ia 4500
005 - DATE AND TIME OF LATEST TRANSACTION
control field 20230201165524.0
008 - FIXED-LENGTH DATA ELEMENTS--GENERAL INFORMATION
fixed length control field 230125s9999 xx 000 0 und d
041 ## - LANGUAGE CODE
Language code of text/sound track or separate title eng
082 ## - DEWEY DECIMAL CLASSIFICATION NUMBER
Classification number 658.15
Item number BAG
100 ## - MAIN ENTRY--PERSONAL NAME
Author Bagewadi S
245 ## - TITLE STATEMENT
Title Strategic Finance
260 ## - PUBLICATION, DISTRIBUTION, ETC.
Date of publication, distribution, etc. 2010
Name of publisher, distributor, etc. Symbiosis centre for distance learning
Place of publication, distribution, etc. Pune
300 ## - PHYSICAL DESCRIPTION
Extent 286p
500 ## - GENERAL NOTE
Keywords Strategic FM
650 ## - SUBJECT ADDED ENTRY--TOPICAL TERM
Topical term or geographic name entry element Strategic FM
700 ## - ADDED ENTRY--PERSONAL NAME
Personal name Bagewadi S & Nandini Madan, Donor
942 ## - ADDED ENTRY ELEMENTS (KOHA)
Koha item type Donated Book
Holdings
Withdrawn status Lost status Damaged status Not for loan Home library Current library Date acquired Vendor Net Price Full call number Barcode Date last seen Actual Price Bill Date Koha item type Original Barcode
        Smt. Hiraben Nanavati Institute of Management & Research for Women Smt. Hiraben Nanavati Institute of Management & Research for Women 16/06/2015 Donated Book- Outside Donar 1.00 658.15 BAG DB1970 HIMR-DB-1970 25/01/2023 1.00 25/01/2023 Donated Book DB1970